LDR 00851naa#a2200169#i#450# 001 EN\\bibl\109342 005 20260501195121.5 011 ## _a1994-4683 100 ## _a20260429b2026####ek#y0engy0150####ca 102 ## _aRU 200 1# _aIdeomotor training as a means to enhance technical-tactical and psychological preparedness in mixed martial arts (MMA) athletesE TECHNICAL-TACTICAL AND PSYCHOLOGICAL PREPARATION LEVEL OF MIXED MARTIAL ARTS (MMA) ATHLETES _eJournal article 210 1# _aMoscow _cNational State University of Physical Education, Sports and Health named after P.F. Lesgaft _d2026 215 ## _a6 с. 608 ## _aJournal article _2local 675 ## _aПрочие виды единоборства и тяжелой атлетики. 796.89 _z 700 #1 _aKorneev _gViktor Anatol'evich 856 4# _auchzapiski.lesgaft.spb.ru _u